Sports Quiz

Random Sports or Football Quiz

Miami Hurricane Players drafted in 2004 Quiz Stats

 Plays Quiz not verified by Sporcle

Challenge
Share
Tweet
Embed
Score 0/9 Timer 04:00
0 Plays Today
Team Drafted By/Round Player % Correct
Washington Redskins (Round 1/Pick 5)Sean Taylor
89.7%
Cleveland Browns (Round 1/Pick 6)Kellen Winslow
87.3%
New York Jets (Round 1/Pick 12)Jonathan Vilma
81.4%
New England Patriots (Round 1/Pick 21)Vince Wilfork
74%
Denver Broncos (Round 1/Pick 17)D.J. Williams
68.1%
Miami Dolphins (Round 1/Pick 19)Vernon Carey
35.8%
New York Jets (Round 7/Pick 12)Darrell McClover
10.8%
San Diego Chargers (Round 7/Pick 53)Carlos Joseph
8.8%
Chicago Bears (Round 7/Pick 14)Alfonso Marshall
7.8%

You're not logged in!

Compare scores with friends on all Sporcle quizzes.
OR
Log In

You Might Also Like...

Show Comments

Extras

Top Quizzes Today


Score Distribution

Your Account Isn't Verified!

In order to create a playlist on Sporcle, you need to verify the email address you used during registration. Go to your Sporcle Settings to finish the process.

Report this User

Report this user for behavior that violates our Community Guidelines.

Details: